[Event "Waltz Ladies-Veterans"]
[Site "Vienna AUT"]
[Date "1993.06.??"]
[Round "6"]
[White "Smyslov, Vassily"]
[Black "Polgar, Zsofia"]
[Result "1/2-1/2"]
[WhiteElo "2530"]
[BlackElo "2415"]
[EventDate "1993.06.??"]
[PlyCount "122"]

1.e4 c5 2.Nf3 Nc6 3.Bb5 e6 4.O-O Nge7 5.Nc3 a6 6.Bxc6 Nxc6 7.d4 cxd4 8.
Nxd4 d6 9.Nxc6 bxc6 10.Qg4 Qf6 11.f4 Be7 12.e5 dxe5 13.Ne4 Qg6 14.Qxg6 
hxg6 15.fxe5 Rh5 16.Bf4 Bb7 17.Rad1 Rd8 18.Rxd8+ Kxd8 19.b4 f6 20.Rd1+ Ke8
21.Nd6+ Bxd6 22.Rxd6 Ke7 23.Rd2 Bc8 24.c4 Rh8 25.a4 Rd8 26.Rxd8 Kxd8 27.h4
Kd7 28.Kf2 Bb7 29.g4 c5 30.b5 axb5 31.cxb5 f5 32.g5 Be4 33.Be3 c4 34.Bd2 
Bc2 35.a5 Ba4 36.b6 Kc6 37.Ke3 Bc2 38.Kd4 Bd3 39.Kc3 Be2 40.Kb4 c3 41.Kxc3
Ba6 42.Kd4 Kb5 43.Ke3 Bb7 44.Kf4 Be4 45.Bb4 Bc6 46.Be1 Ka6 47.Bd2 Kb5 48.
Ke3 Bb7 49.Kd4 Ba6 50.Be1 Bb7 51.Bf2 Ba6 52.h5 gxh5 53.g6 Bb7 54.Bh4 f4 
55.Bf6 f3 56.Ke3 Ka6 57.Bxg7 Be4 58.Bh6 Bxg6 59.Kxf3 Bd3 60.Kg3 Be4 61.Bd2
Kb7 1/2-1/2

[Event "Waltz Ladies-Veterans"]
[Site "Vienna AUT"]
[Date "1993.06.??"]
[Round "8"]
[White "Smyslov, Vassily"]
[Black "Xie Jun"]
[Result "1/2-1/2"]
[WhiteElo "2530"]
[BlackElo "2470"]
[EventDate "1993.06.??"]
[PlyCount "96"]

1.c4 Nf6 2.Nc3 g6 3.e4 d6 4.d4 Bg7 5.Bd3 O-O 6.Nge2 Nc6 7.f3 Nd7 8.Be3 e5 
9.d5 Nd4 10.Nb5 Nxe2 11.Qxe2 a5 12.O-O-O f5 13.g4 f4 14.Bf2 b6 15.h4 h6 
16.g5 h5 17.Qc2 Rf7 18.Bf1 Bf8 19.a3 Nb8 20.Bh3 Bxh3 21.Rxh3 a4 22.Rh2 Qc8
23.Bg1 Rd7 24.Nc3 Qa6 25.Qd3 Rd8 26.Qf1 Qc8 27.Qh3 Qxh3 28.Rxh3 Nd7 29.Rh2
Rdc8 30.Rc2 Kf7 31.Nb5 Ke8 32.Kb1 Nb8 33.Bf2 Kd7 34.Nc3 Ke8 35.Ka2 Nd7 36.
Nb5 Nb8 37.Be1 Na6 38.Bf2 Kd7 39.Nc3 Nc5 40.Rb1 Ra6 41.Bxc5 dxc5 42.b3 
axb3+ 43.Kxb3 Rca8 44.a4 Kc8 45.Ra2 Kb7 46.Kc2 Be7 47.Rba1 Kc8 48.Kd3 
1/2-1/2

[Event "Waltz Ladies-Veterans"]
[Site "Vienna AUT"]
[Date "1993.06.??"]
[Round "10"]
[White "Dueckstein, Andreas"]
[Black "Xie Jun"]
[Result "0-1"]
[WhiteElo "2350"]
[BlackElo "2470"]
[EventDate "1993.06.??"]
[PlyCount "56"]

1.e4 e5 2.Nf3 Nc6 3.c3 Nf6 4.d4 exd4 5.e5 Ne4 6.Qe2 d5 7.exd6 f5 8.Nbd2 
Qxd6 9.Nxe4 fxe4 10.Qxe4+ Qe6 11.Bd3 dxc3 12.O-O Qxe4 13.Bxe4 Bb4 14.a3 
Ba5 15.b4 Bb6 16.Bxc6+ bxc6 17.Re1+ Kf7 18.Bg5 Re8 19.Ne5+ Kg8 20.Nxc6 Bb7
21.Ne5 h6 22.Bf4 Rad8 23.h4 Bd4 24.Rac1 Re6 25.Nd3 Rxe1+ 26.Rxe1 c2 27.Nc1
Bb2 28.b5 Rd1 0-1

[Event "Waltz Ladies-Veterans"]
[Site "Vienna AUT"]
[Date "1993.06.??"]
[Round "3"]
[White "Xie Jun"]
[Black "Smyslov, Vassily"]
[Result "1-0"]
[WhiteElo "2470"]
[BlackElo "2530"]
[EventDate "1993.06.??"]
[PlyCount "95"]

1.e4 e6 2.d4 d5 3.Nd2 c5 4.exd5 Qxd5 5.Ngf3 cxd4 6.Bc4 Qd6 7.O-O Nf6 8.Nb3
Nc6 9.Nbxd4 Nxd4 10.Nxd4 a6 11.Re1 Bd7 12.c3 O-O-O 13.Qe2 Qc7 14.h3 Bd6 
15.a4 e5 16.Nc2 Bf5 17.Ne3 Bg6 18.b4 e4 19.Ba3 Bh2+ 20.Kh1 Bf4 21.b5 Bxe3 
22.fxe3 Rd3 23.Qa2 h5 24.Kg1 Ng4 25.hxg4 hxg4 26.g3 Qxg3+ 27.Qg2 Rxe3 28.
Qxg3 Rxg3+ 29.Kf2 Rhh3 30.bxa6 bxa6 31.Bxa6+ Kc7 32.Bc5 Rf3+ 33.Ke2 Rh2+ 
34.Kd1 Rxc3 35.Bd4 Rcc2 36.Be5+ Kb6 37.Bxh2 Rxh2 38.Be2 f5 39.a5+ Ka7 40.
Rc1 Be8 41.Rc7+ Kb8 42.Rxg7 Ba4+ 43.Kc1 e3 44.a6 Rh6 45.Kb2 Rd6 46.Ka3 Bc6
47.Rb1+ Ka8 48.Bf1 1-0

[Event "Waltz Ladies-Veterans"]
[Site "Vienna AUT"]
[Date "1993.06.??"]
[Round "9"]
[White "Xie Jun"]
[Black "Larsen, Bent"]
[Result "0-1"]
[WhiteElo "2470"]
[BlackElo "2540"]
[EventDate "1993.06.??"]
[PlyCount "134"]

1.e4 c5 2.Nf3 d6 3.d4 cxd4 4.Nxd4 Nf6 5.Nc3 Bd7 6.Be2 g6 7.O-O Bg7 8.Bg5 
Nc6 9.Nb3 a6 10.a4 Rc8 11.Kh1 Be6 12.f4 Nd7 13.f5 Bxb3 14.cxb3 Nf6 15.Rc1 
Ne5 16.Qd2 O-O 17.Bxf6 Bxf6 18.Nd5 Rxc1 19.Nxf6+ exf6 20.Rxc1 Qd7 21.h3 
Kg7 22.Bc4 Rc8 23.Bd5 Rxc1+ 24.Qxc1 b5 25.Qf1 g5 26.Qd1 Qa7 27.Qe2 Qc5 28.
Kh2 b4 29.Bc4 a5 30.g4 Qd4 31.Bb5 Kf8 32.Bc4 Ke7 33.Kg2 Nd7 34.Bd5 Kf8 35.
Qa6 Qxb2+ 36.Kf1 Qc1+ 37.Ke2 Qc2+ 38.Kf1 Qd1+ 39.Kg2 Ne5 40.Qxd6+ Kg7 41.
Qc5 Qf3+ 42.Kh2 Qe2+ 43.Kg3 Nd3 44.Qa7 Qe1+ 45.Kh2 Qd2+ 46.Kg1 Qc1+ 47.Kh2
Qf4+ 48.Kh1 Ne5 49.Kg2 Qf3+ 50.Kh2 h5 51.gxh5 Qxh5 52.Kg2 Nd3 53.Qe3 Nf4+ 
54.Kh2 Qd1 55.Qf2 Qd3 56.h4 Qh3+ 57.Kg1 Qg4+ 58.Kh2 Qxh4+ 59.Qxh4 gxh4 60.
Bc4 Kf8 61.Kg1 Ke7 62.Kf2 Kd6 63.Kf3 Ke5 64.Bxf7 h3 65.Kg3 Kxe4 66.Be6 Ke5
67.Bd7 Ne2+ 0-1

[Event "Waltz Ladies-Veterans"]
[Site "Vienna AUT"]
[Date "1993.06.??"]
[Round "8"]
[White "Dueckstein, Andreas"]
[Black "Arakhamia, Ketevan"]
[Result "0-1"]
[WhiteElo "2350"]
[BlackElo "2440"]
[EventDate "1993.06.??"]
[PlyCount "124"]

1.e4 c5 2.Nf3 e6 3.c3 Nf6 4.e5 Nd5 5.d4 cxd4 6.cxd4 b6 7.Nc3 Nxc3 8.bxc3 
Qc7 9.Bd2 d6 10.Bd3 Nd7 11.O-O dxe5 12.Nxe5 Nxe5 13.Bf4 Bd6 14.dxe5 Be7 
15.Qg4 Kf8 16.Be4 Bb7 17.Bxb7 Qxb7 18.Rad1 h5 19.Qe2 g6 20.Qe3 Kg7 21.Bg5 
Rhc8 22.Rd3 Rc4 23.Rfd1 Rg4 24.Bh6+ Kh7 25.g3 Bc5 26.Qd2 h4 27.Rd7 Qf3 28.
Rd3 Qxf2+ 29.Qxf2 Bxf2+ 30.Kxf2 Kxh6 31.Rf3 Rf8 32.Rd7 Ra4 33.Rfxf7 Rxa2+ 
34.Ke3 Rxf7 35.Rxf7 Rxh2 36.gxh4 Rh3+ 37.Kd2 Rxh4 38.Rf6 Kg5 39.Rxe6 Re4 
40.Re7 a5 41.Kd3 Re1 42.Re6 b5 43.Kd4 b4 44.cxb4 axb4 45.Rb6 Kf5 46.Rf6+ 
Kg5 47.Rb6 Rb1 48.Kd3 b3 49.Kd2 b2 50.e6 Kf6 51.Kc2 Re1 52.e7+ Kxe7 53.
Kxb2 Re6 54.Rb3 Rc6 55.Rc3 Rxc3 56.Kxc3 Ke6 57.Kd3 Kf5 58.Ke3 Kg4 59.Kf2 
Kh3 60.Kg1 Kg3 61.Kh1 g5 62.Kg1 g4 0-1

[Event "Waltz Ladies-Veterans"]
[Site "Vienna AUT"]
[Date "1993.06.??"]
[Round "5"]
[White "Xie Jun"]
[Black "Dueckstein, Andreas"]
[Result "1/2-1/2"]
[WhiteElo "2470"]
[BlackElo "2350"]
[EventDate "1993.06.??"]
[PlyCount "74"]

1.e4 e5 2.Nf3 Nc6 3.Bb5 f5 4.d3 fxe4 5.dxe4 Nf6 6.O-O d6 7.Qd3 a6 8.Ba4 
Bg4 9.Nc3 Be7 10.h3 Bxf3 11.Qxf3 O-O 12.Qd3 b5 13.Bb3+ Kh8 14.a4 Nd4 15.
Ba2 Nd7 16.Be3 Nc5 17.Qd1 bxa4 18.Ne2 Rb8 19.Nxd4 exd4 20.Bxd4 Nxe4 21.Bd5
Nf6 22.Bc6 Ng8 23.Rxa4 Qc8 24.b3 Bf6 25.Ba7 Ne7 26.Bf3 Rb5 27.c4 Re5 28.
Bd4 Rg5 29.h4 Rg6 30.Bh5 Bxd4 31.Bxg6 c5 32.Bd3 Rf4 33.Qe2 Ng6 34.Bxg6 
hxg6 35.g3 Qh3 36.gxf4 Qg3+ 37.Kh1 1/2-1/2

[Event "Waltz Ladies-Veterans"]
[Site "Vienna AUT"]
[Date "1993.06.??"]
[Round "6"]
[White "Olafsson, Fridrik"]
[Black "Xie Jun"]
[Result "1-0"]
[WhiteElo "2485"]
[BlackElo "2470"]
[EventDate "1993.06.??"]
[PlyCount "88"]

1.c4 Nf6 2.Nc3 g6 3.g3 c6 4.e4 d5 5.cxd5 cxd5 6.e5 Ne4 7.d4 Nc6 8.Bg2 Nxc3
9.bxc3 Bg7 10.Ne2 Bg4 11.f3 Be6 12.Nf4 Qd7 13.O-O O-O 14.Nxe6 Qxe6 15.f4 
Na5 16.f5 Qc6 17.Ba3 Rfe8 18.Qd3 Rac8 19.fxg6 fxg6 20.Rf3 Nc4 21.Bc1 Rf8 
22.Rxf8+ Rxf8 23.Bg5 e6 24.h4 Rf7 25.Qe2 b5 26.Rc1 Qb6 27.Kh1 b4 28.Rb1 a5
29.Bh3 Na3 30.Rc1 Rf8 31.Qg4 Re8 32.cxb4 h5 33.Qd1 axb4 34.Qd3 Kh7 35.g4 
Qb5 36.Qd1 hxg4 37.Bxg4 Nc4 38.Be2 Rh8 39.Bd3 Qe8 40.Qh5+ Kg8 41.Bxg6 Qd7 
42.Qg4 Bxe5 43.Be8 Qxe8 44.Bf6+ 1-0

[Event "Waltz Ladies-Veterans"]
[Site "Vienna AUT"]
[Date "1993.06.??"]
[Round "6"]
[White "Ivkov, Borislav"]
[Black "Galliamova-Ivanchuk, Alisa"]
[Result "1-0"]
[WhiteElo "2505"]
[BlackElo "2445"]
[EventDate "1993.06.??"]
[PlyCount "80"]

1.d4 Nf6 2.Nf3 e6 3.c4 d5 4.Nc3 dxc4 5.e3 a6 6.Bxc4 c5 7.dxc5 Bxc5 8.Qxd8+
Kxd8 9.Ke2 b5 10.Bd3 Bb7 11.Ng5 Ke7 12.Nge4 Ba7 13.Nxf6 gxf6 14.Be4 Nc6 
15.Bd2 Rhd8 16.Rhc1 Rac8 17.g4 Rd7 18.a3 h5 19.h3 hxg4 20.hxg4 Bb6 21.Bf3 
Rcd8 22.Be1 Ne5 23.Bxb7 Rxb7 24.Ne4 a5 25.f3 Rh8 26.Bg3 Nc4 27.Rh1 Rxh1 
28.Rxh1 Nxe3 29.Nd6 Rb8 30.Nf5+ Nxf5 31.Bxb8 Nd4+ 32.Kd3 Nxf3 33.Rc1 Nd4 
34.Bc7 Nb3 35.Rc6 Bg1 36.Bg3 e5 37.Be1 Bd4 38.Kc2 a4 39.Bb4+ Ke8 40.Rxf6 
Be3 1-0

[Event "Waltz Ladies-Veterans"]
[Site "Vienna AUT"]
[Date "1993.06.??"]
[Round "1"]
[White "Arakhamia, Ketevan"]
[Black "Smyslov, Vassily"]
[Result "1/2-1/2"]
[WhiteElo "2440"]
[BlackElo "2530"]
[EventDate "1993.06.??"]
[PlyCount "159"]

1.e4 e5 2.Nf3 Nc6 3.Bb5 g6 4.c3 a6 5.Ba4 d6 6.d4 Bd7 7.O-O Bg7 8.Bb3 h6 9.
dxe5 dxe5 10.Nbd2 Nf6 11.Nc4 Qe7 12.Re1 O-O 13.Ne3 Na5 14.Bc2 b5 15.b4 Nb7
16.Bb2 c6 17.c4 Ng4 18.c5 Nxe3 19.Rxe3 a5 20.a3 Rfd8 21.Qe1 a4 22.h3 Be8 
23.Qc3 f6 24.Rf1 Bf7 25.Nh4 Qe6 26.Rg3 g5 27.Nf5 Qc4 28.Nxg7 Kxg7 29.f4 
Qxc3 30.Bxc3 Bb3 31.Bxb3 axb3 32.fxe5 Rxa3 33.exf6+ Kf7 34.Bb2 Ra2 35.Rxb3
Rd2 36.Rf2 Rd1+ 37.Rf1 Rd2 38.Rf2 Rd1+ 39.Kh2 Nd8 40.Ra3 Rxa3 41.Bxa3 Rd4 
42.e5 Ke6 43.f7 Nxf7 44.Rf6+ Ke7 45.Rxc6 Nxe5 46.Rxh6 Re4 47.Bb2 Nf7 48.
Ra6 Rxb4 49.Bf6+ Kd7 50.c6+ Ke6 51.c7+ Kd7 52.Ra7 Nd6 53.Bxg5 Nc8 54.Ra8 
Kxc7 55.h4 Kd7 56.Kh3 Nd6 57.Ra7+ Ke6 58.Ra6 Rd4 59.Rb6 Kf7 60.g3 Rd5 61.
Kg4 Ne4 62.Rb7+ Kg8 63.Bf4 Nf6+ 64.Kf3 Rd3+ 65.Ke2 Rb3 66.Be5 Nd5 67.Kf2 
b4 68.h5 Re3 69.Bb2 Rb3 70.Bg7 Ne3 71.h6 Ng4+ 72.Kg2 Kh7 73.Kh3 Nf2+ 74.
Kh4 Ne4 75.g4 Rb1 76.Bf8+ Kg6 77.Rg7+ Kxh6 78.Re7+ Kg6 79.Rxe4 b3 80.Ba3 
1/2-1/2

[Event "Waltz Ladies-Veterans"]
[Site "Vienna AUT"]
[Date "1993.06.??"]
[Round "3"]
[White "Galliamova-Ivanchuk, Alisa"]
[Black "Larsen, Bent"]
[Result "1/2-1/2"]
[WhiteElo "2445"]
[BlackElo "2540"]
[EventDate "1993.06.??"]
[PlyCount "121"]

1.d4 c5 2.dxc5 e6 3.Nc3 Qa5 4.Bd2 Qxc5 5.e4 Nf6 6.Bd3 Be7 7.a3 d6 8.Nge2 
O-O 9.O-O Nbd7 10.Nb5 a6 11.Be3 Qh5 12.Nbc3 Qa5 13.a4 Qc7 14.a5 b5 15.axb6
Nxb6 16.Nd4 Bb7 17.Qe2 d5 18.exd5 Nfxd5 19.Nxd5 Bxd5 20.Rxa6 Rxa6 21.Bxa6 
Nc4 22.b3 Nxe3 23.Qxe3 Bd6 24.Qh3 Qb6 25.Bd3 f5 26.Nb5 Bb8 27.Qe3 Qb7 28.
f3 e5 29.Bc4 Bxc4 30.bxc4 Rd8 31.Qg5 Qc8 32.Qe7 h6 33.Qb4 Kh7 34.c5 Rd5 
35.c4 Rxc5 36.Rc1 e4 37.fxe4 fxe4 38.Qe1 Qf5 39.g3 h5 40.Qe2 h4 41.gxh4 
Qf4 42.Rd1 Rxc4 43.Qh5+ Qh6 44.Qxh6+ Kxh6 45.Nd6 Rb4 46.Nf5+ Kg6 47.Ne7+ 
Kh5 48.Nc6 Rb6 49.Nxb8 Rxb8 50.Rd7 g6 51.Re7 Rb4 52.Kf2 Kxh4 53.Ke3 Kh3 
54.Rxe4 Rb3+ 55.Kf4 Rb5 56.Re5 Rb4+ 57.Kg5 Rg4+ 58.Kh6 Kh4 59.Re6 g5 60.
Rg6 Rg1 61.h3 1/2-1/2

[Event "Waltz Ladies-Veterans"]
[Site "Vienna AUT"]
[Date "1993.06.??"]
[Round "12"]
[White "Ivkov, Borislav"]
[Black "Xie Jun"]
[Result "0-1"]
[WhiteElo "2505"]
[BlackElo "2470"]
[EventDate "1993.06.??"]
[PlyCount "72"]

1.e4 e5 2.Nf3 Nc6 3.Bb5 a6 4.Ba4 Nf6 5.O-O Be7 6.Re1 b5 7.Bb3 O-O 8.a4 Bb7
9.d3 d6 10.Nbd2 Na5 11.Ba2 c5 12.Nf1 b4 13.Ne3 Bc8 14.c3 Rb8 15.cxb4 Rxb4 
16.Bd2 Rb8 17.Bc3 Nc6 18.Nd2 Be6 19.Bc4 Qc8 20.a5 Bd8 21.Qa4 Nb4 22.Rec1 
Nh5 23.Bxe6 Qxe6 24.Bxb4 Rxb4 25.Qd1 Nf4 26.Ndc4 Bg5 27.Rc3 g6 28.Rb3 Rxb3
29.Qxb3 d5 30.Nxd5 Nxd5 31.exd5 Qxd5 32.Re1 Bf6 33.Qb6 Kg7 34.Qxa6 Qxd3 
35.Qb5 Rd8 36.a6 Qe2 0-1

[Event "Waltz Ladies-Veterans"]
[Site "Vienna AUT"]
[Date "1993.06.??"]
[Round "4"]
[White "Larsen, Bent"]
[Black "Xie Jun"]
[Result "0-1"]
[WhiteElo "2540"]
[BlackElo "2470"]
[EventDate "1993.06.??"]
[PlyCount "78"]

1.d4 Nf6 2.g3 g6 3.Bg2 d5 4.Nf3 Bg7 5.O-O O-O 6.c4 c6 7.cxd5 cxd5 8.Nc3 
Ne4 9.Ne5 Nxc3 10.bxc3 Nc6 11.Nxc6 bxc6 12.Qa4 Bd7 13.Qa3 Bf5 14.Bf4 Re8 
15.Rfd1 Qb6 16.Rac1 a5 17.h4 a4 18.Rd2 Bf8 19.Qb4 Qxb4 20.cxb4 e5 21.dxe5 
Bxb4 22.Rd4 c5 23.Rxd5 Rac8 24.Rd6 c4 25.Rb6 Ba3 26.Rc3 Bc5 27.Rb5 Bd7 28.
Rb7 Be6 29.Be4 Rb8 30.Rc7 Rec8 31.Rxc8+ Rxc8 32.Kg2 Bb4 33.Rc1 Ba3 34.Rh1 
Bb2 35.a3 c3 36.Bc1 Rb8 37.Bc6 Bb3 38.Kf3 Rd8 39.Be4 Bd1 0-1

[Event "Waltz Ladies-Veterans"]
[Site "Vienna AUT"]
[Date "1993.06.??"]
[Round "5"]
[White "Galliamova-Ivanchuk, Alisa"]
[Black "Olafsson, Fridrik"]
[Result "1-0"]
[WhiteElo "2445"]
[BlackElo "2485"]
[EventDate "1993.06.??"]
[PlyCount "101"]

1.d4 Nf6 2.c4 g6 3.Nf3 Bg7 4.g3 O-O 5.Bg2 d6 6.O-O c6 7.Nc3 Qa5 8.h3 Be6 
9.Qd3 d5 10.cxd5 cxd5 11.Qb5 Qxb5 12.Nxb5 Rc8 13.Bf4 Ne8 14.Rfc1 Nc6 15.e3
f6 16.g4 h6 17.Ne1 Bf7 18.Nd3 e5 19.Bg3 Rd8 20.Nc5 Rab8 21.Rd1 b6 22.Na6 
Rbc8 23.Rac1 Ne7 24.Bf1 Rxc1 25.Rxc1 Rc8 26.Rxc8 Nxc8 27.Nb4 Ned6 28.Nxd6 
Nxd6 29.dxe5 Ne4 30.exf6 Bxf6 31.Bb8 a5 32.Nd3 d4 33.Bc7 dxe3 34.fxe3 Nd2 
35.b3 a4 36.bxa4 Nc4 37.Kf2 Bh4+ 38.Ke2 Be7 39.Bg2 Bg5 40.Nf4 Nb2 41.Bc6 
Bc4+ 42.Kf3 Bxa2 43.Bxb6 Bb3 44.a5 Nc4 45.Bc7 Be7 46.a6 Bc5 47.Bd5+ Kh7 
48.Ke2 g5 49.Nd3 Ba7 50.e4 Kg7 51.Nc1 1-0

[Event "Waltz Ladies-Veterans"]
[Site "Vienna AUT"]
[Date "1993.06.??"]
[Round "11"]
[White "Xie Jun"]
[Black "Olafsson, Fridrik"]
[Result "1/2-1/2"]
[WhiteElo "2470"]
[BlackElo "2485"]
[EventDate "1993.06.??"]
[PlyCount "58"]

1.e4 d6 2.d4 Nf6 3.Nc3 g6 4.Be3 c6 5.Qd2 b5 6.f3 Nbd7 7.g4 Nb6 8.h4 h5 9.
g5 Nfd7 10.d5 cxd5 11.Bd4 Ne5 12.Bxb5+ Bd7 13.Bxe5 dxe5 14.Bxd7+ Nxd7 15.
Qxd5 e6 16.Qc6 Rc8 17.Qa4 Qc7 18.O-O-O Bc5 19.Nge2 Ke7 20.Rd3 Rhd8 21.Rhd1
Nb6 22.Qa6 Rxd3 23.Qxd3 Nc4 24.Kb1 Ne3 25.Rc1 Rd8 26.Qb5 Rb8 27.Qa6 Rb6 
28.Qd3 Rd6 29.Qb5 Rb6 1/2-1/2

[Event "Waltz Ladies-Veterans"]
[Site "Vienna AUT"]
[Date "1993.06.??"]
[Round "12"]
[White "Geller, Efim"]
[Black "Galliamova-Ivanchuk, Alisa"]
[Result "0-1"]
[WhiteElo "2515"]
[BlackElo "2445"]
[EventDate "1993.06.??"]
[PlyCount "118"]

1.e4 c5 2.Nf3 Nc6 3.d4 cxd4 4.Nxd4 Nf6 5.Nc3 d6 6.Be2 e5 7.Nf3 h6 8.O-O 
Be7 9.h3 O-O 10.Re1 a6 11.Bf1 Qc7 12.Be3 Na5 13.a4 Nc4 14.Bc1 Be6 15.b3 
Nb6 16.Bb2 Rac8 17.a5 Nbd7 18.Nd2 Nc5 19.Nc4 Ncxe4 20.Nxe4 Nxe4 21.Rxe4 d5
22.Bxe5 Qc6 23.Rg4 Bxg4 24.Qxg4 Bf6 25.Bxf6 Qxf6 26.Nb6 Rxc2 27.Rd1 Qxf2+ 
28.Kh1 Rd2 29.Rxd2 Qxd2 30.Nd7 Rd8 31.Qf5 Qxa5 32.Ne5 Qc7 33.Nf3 Qc1 34.
Ne5 Qc7 35.Nf3 Qc8 36.Qf4 Qb8 37.Qf5 Qd6 38.h4 Qe6 39.Qf4 Qd6 40.Qf5 Qe6 
41.Qf4 Rc8 42.Bd3 Qc6 43.Qg4 Qc1+ 44.Kh2 Rc3 45.Qf5 g6 46.Qxd5 Qf4+ 47.Kh3
Qf6 48.h5 gxh5 49.Bf5 b6 50.b4 Kg7 51.Qe4 a5 52.bxa5 bxa5 53.Qf4 Rb3 54.
Kh2 Rb4 55.Qg3+ Kf8 56.Bh3 Qf4 57.Qxf4 Rxf4 58.Kg3 Rb4 59.Ne5 a4 0-1

[Event "Waltz Ladies-Veterans"]
[Site "Vienna AUT"]
[Date "1993.06.??"]
[Round "3"]
[White "Arakhamia, Ketevan"]
[Black "Dueckstein, Andreas"]
[Result "0-1"]
[WhiteElo "2440"]
[BlackElo "2350"]
[EventDate "1993.06.??"]
[PlyCount "182"]

1.e4 e5 2.Nf3 Nc6 3.Bb5 f5 4.d3 fxe4 5.dxe4 Nf6 6.O-O d6 7.Qd3 Bg4 8.Nbd2 
Be7 9.h3 Bd7 10.Bc4 Na5 11.Ng5 Nxc4 12.Qxc4 Rf8 13.Ndf3 Qc8 14.Nh4 h6 15.
Ngf3 g5 16.Nf5 b5 17.Qe2 Bxf5 18.exf5 Qxf5 19.Qxb5+ Qd7 20.Qb7 Kf7 21.Rd1 
Rfb8 22.Qa6 Qb5 23.Qa3 Qc4 24.b3 Qxc2 25.Be3 Qf5 26.Qa5 c5 27.Qc7 Rc8 28.
Qb7 Qe4 29.Qa6 Rc6 30.Qb5 Rb6 31.Qf1 Qf5 32.Rac1 Rg8 33.Nd2 Qe6 34.Nc4 Rc6
35.Na5 Rcc8 36.Qb5 Nd5 37.Nc4 Rc7 38.Qa5 Rd7 39.Qd2 Nf4 40.Qb2 Bf6 41.Qd2 
Rgd8 42.Na5 Be7 43.b4 cxb4 44.Nc6 Rg8 45.Nxb4 d5 46.Nc6 Ng6 47.Bxa7 Bf6 
48.f3 d4 49.Qc2 Ra8 50.Qc5 Ne7 51.Qb5 Raxa7 52.Nxa7 Rxa7 53.a4 Qa6 54.Qb3+
Kg7 55.Ra1 Rb7 56.Qd3 Qa5 57.Rdc1 Nd5 58.Rc8 Nf4 59.Qc4 Rf7 60.Rd1 d3 61.
g3 Qa7+ 62.Qc5 Qxa4 63.Rd2 e4 64.Kh2 Bd4 65.Qd6 Qa1 66.Rc1 Qxc1 67.Qxd4+ 
Kg8 68.Ra2 Ng6 69.Qxe4 Nf8 70.Qxd3 Qc6 71.Kg2 Rd7 72.Qb3+ Kh7 73.Rc2 Qf6 
74.Qb4 Ng6 75.Qe4 Re7 76.Qd5 Rf7 77.Qe4 Kg7 78.Rc6 Qb2+ 79.Rc2 Qe5 80.
Qxe5+ Nxe5 81.Rc3 Rd7 82.h4 gxh4 83.gxh4 Kg6 84.Kg3 Kf5 85.Rc5 Rd3 86.Kg2 
Kf4 87.Ra5 Rd2+ 88.Kh3 Nxf3 89.Ra4+ Nd4 90.Rb4 Rd3+ 91.Kg2 Kg4 0-1

[Event "Waltz Ladies-Veterans"]
[Site "Vienna AUT"]
[Date "1993.06.??"]
[Round "2"]
[White "Geller, Efim"]
[Black "Xie Jun"]
[Result "0-1"]
[WhiteElo "2515"]
[BlackElo "2470"]
[EventDate "1993.06.??"]
[PlyCount "106"]

1.e4 e5 2.Nf3 Nc6 3.Bb5 a6 4.Ba4 Nf6 5.O-O Be7 6.Re1 b5 7.Bb3 O-O 8.a4 Bb7
9.d3 d6 10.Nbd2 Na5 11.Ba2 c5 12.Nf1 b4 13.Ne3 Bc8 14.c3 Rb8 15.Nd2 Be6 
16.Nd5 Nxd5 17.exd5 Bd7 18.Nc4 Nxc4 19.Bxc4 a5 20.cxb4 Rxb4 21.b3 Bg5 22.
Bd2 Rb8 23.Qc1 Bxd2 24.Qxd2 f5 25.f4 exf4 26.Qxf4 Qf6 27.Ra2 g5 28.Qf2 f4 
29.Rae2 f3 30.Re7 Rbd8 31.Qxf3 Qxf3 32.gxf3 Rxf3 33.Kg2 Rf7 34.d4 cxd4 35.
Rxf7 Kxf7 36.Rd1 Re8 37.Rxd4 Re3 38.h4 g4 39.Rd3 Re2+ 40.Kg3 Re1 41.Rd2 
Re3+ 42.Kg2 Bf5 43.Kf2 Rh3 44.Kg1 Rxh4 45.Bf1 g3 46.Rg2 Rg4 47.Be2 Rg5 48.
Bf3 h5 49.b4 axb4 50.a5 h4 51.Rb2 h3 52.a6 g2 53.Bxg2 Be4 0-1

[Event "Waltz Ladies-Veterans"]
[Site "Vienna AUT"]
[Date "1993.06.??"]
[Round "1"]
[White "Xie Jun"]
[Black "Ivkov, Borislav"]
[Result "1/2-1/2"]
[WhiteElo "2470"]
[BlackElo "2505"]
[EventDate "1993.06.??"]
[PlyCount "75"]

1.e4 e6 2.d4 d5 3.Nd2 dxe4 4.Nxe4 Bd7 5.Nf3 Bc6 6.Bd3 Nd7 7.O-O Bxe4 8.
Bxe4 c6 9.c3 Ngf6 10.Bc2 Bd6 11.Qe2 Qc7 12.Re1 Bf4 13.Bxf4 Qxf4 14.Ne5 
Nxe5 15.dxe5 Nd5 16.a4 O-O-O 17.g3 Qg5 18.Rad1 Qe7 19.Rd4 Rd7 20.a5 a6 21.
Red1 Rhd8 22.h4 h6 23.Qf3 Nc7 24.Rxd7 Rxd7 25.Rxd7 Qxd7 26.Bh7 Kd8 27.h5 
Ne8 28.Bc2 Qc7 29.b4 f5 30.exf6 Nxf6 31.Qe3 Qd6 32.Bb3 e5 33.Bf7 Qd7 34.
Bg6 Qd1+ 35.Kg2 Qd5+ 36.Kg1 Qd1+ 37.Kg2 Qd5+ 38.Kg1 1/2-1/2

[Event "Waltz Ladies-Veterans"]
[Site "Vienna AUT"]
[Date "1993.06.??"]
[Round "6"]
[White "Geller, Efim"]
[Black "Arakhamia, Ketevan"]
[Result "0-1"]
[WhiteElo "2515"]
[BlackElo "2440"]
[EventDate "1993.06.??"]
[PlyCount "64"]

1.e4 c5 2.Nf3 e6 3.d4 cxd4 4.Nxd4 Nf6 5.Nc3 d6 6.g4 Nc6 7.g5 Nd7 8.Be3 Be7
9.h4 O-O 10.Qd2 Nde5 11.Be2 Nxd4 12.Bxd4 Nc6 13.Be3 a6 14.f4 b5 15.Bf3 Bd7
16.Qg2 Qc7 17.O-O Rac8 18.Rf2 Na5 19.Re1 b4 20.Nd1 Nc4 21.f5 Nxe3 22.Nxe3 
d5 23.f6 Bc5 24.fxg7 Kxg7 25.Ng4 Bxf2+ 26.Qxf2 Qc5 27.Re3 Qxc2 28.Be2 Qxb2
29.e5 Qb1+ 30.Kh2 Qf5 31.Qg3 Rc2 32.Nh6 Qf1 0-1

[Event "Waltz Ladies-Veterans"]
[Site "Vienna AUT"]
[Date "1993.06.??"]
[Round "11"]
[White "Arakhamia, Ketevan"]
[Black "Geller, Efim"]
[Result "1/2-1/2"]
[WhiteElo "2440"]
[BlackElo "2515"]
[EventDate "1993.06.??"]
[PlyCount "107"]

1.c4 e6 2.Nf3 d5 3.g3 Nf6 4.Bg2 Be7 5.b3 c5 6.O-O Nc6 7.e3 d4 8.exd4 cxd4 
9.Re1 Nd7 10.Bb2 e5 11.a3 a5 12.b4 axb4 13.axb4 Rxa1 14.Bxa1 O-O 15.b5 Na5
16.Nxe5 Nxe5 17.Rxe5 Nxc4 18.Rd5 Nd6 19.Bxd4 Be6 20.Nc3 Bxd5 21.Nxd5 Nxb5 
22.Bb6 Qe8 23.Qg4 Kh8 24.Bf1 Bd8 25.Bc5 Rg8 26.Qb4 Nc7 27.Nxc7 Bxc7 28.
Qxb7 Be5 29.Bc4 Bf6 30.Bxf7 Qa8 31.Qxa8 Rxa8 32.d4 Ra4 33.d5 Bd4 34.Bxd4 
Rxd4 35.Kg2 g5 36.Kf3 Kg7 37.Be6 Kf6 38.Ke3 Rd1 39.h3 Ra1 40.Kd4 h5 41.Bd7
Rf1 42.Ke3 Ke5 43.Be6 Re1+ 44.Kf3 Ra1 45.Bf7 Ra3+ 46.Kg2 h4 47.Be6 Rc3 48.
Bf7 Rd3 49.Bg8 Rb3 50.Be6 Rc3 51.Bf7 hxg3 52.fxg3 Ke4 53.h4 g4 54.Bg6+ 
1/2-1/2